|
|
|
|
| LEADER |
00000nam a2200000Ii 4500 |
| 001 |
DIGVIETO224 |
| 003 |
NyNyDIG |
| 007 |
cr ||||||||||| |
| 008 |
211127s2006 sp ob 000 0 spa d |
| 006 |
m o d |
| 035 |
|
|
|a (OCoLC)1287831282
|
| 040 |
|
|
|a DGITA
|b eng
|e rda
|e pn
|c DGITA
|
| 020 |
|
|
|z 9788496356955
|
| 041 |
1 |
|
|a spa
|h ita
|
| 050 |
1 |
4 |
|a JZ1318 ebook
|
| 082 |
1 |
4 |
|a 327.1
|
| 100 |
1 |
|
|a Vasapollo, Luciano,
|d 1955-
|e author.
|
| 240 |
1 |
0 |
|a Clash.
|l Spanish
|s (González)
|
| 245 |
1 |
0 |
|a Potencias en conflicto :
|b la pugna por la hegemonía mundial /
|c Luciano Vasapollo, con James Petras y Mauro Casadio ; traducción de Ricardo Jorge González.
|
| 264 |
|
1 |
|a [Barcelona, Spain] :
|b El Viejo Topo,
|c [2006]
|
| 300 |
|
|
|a 1 online resource.
|
| 336 |
|
|
|a text
|b txt
|2 rdacontent
|
| 337 |
|
|
|a computer
|b c
|2 rdamedia
|
| 338 |
|
|
|a online resource
|b cr
|2 rdacarrier
|
| 347 |
|
|
|a text file
|2 rdaft
|
| 347 |
|
|
|b PDF
|
| 504 |
|
|
|a Includes bibliographical references.
|
| 588 |
0 |
|
|a Online resource; title from PDF title page (Digitalia, viewed November 27, 2021)
|
| 650 |
|
0 |
|a Globalization
|x Political aspects.
|
| 650 |
|
0 |
|a Globalization
|x Economic aspects.
|
| 650 |
|
0 |
|a Globalization
|x Social aspects.
|
| 655 |
|
0 |
|a Electronic books.
|
| 700 |
1 |
|
|a Petras, James F.,
|d 1937-
|e author.
|
| 700 |
1 |
|
|a Casadio, Mauro,
|e author.
|
| 700 |
1 |
|
|a González, Ricardo Jorge,
|e translator.
|
| 700 |
1 |
|
|i Translation of:
|a Vasapollo, Luciano,
|d 1955-
|t Clash.
|
| 791 |
2 |
|
|a Digitalia (Firm),
|e distributor.
|
| 793 |
0 |
|
|g Digitalia eBook Collection:
|a El Viejo Topo
|
| 776 |
0 |
8 |
|i Print version:
|a Vasapollo, Luciano, 1955-
|s Clash. Spanish (González).
|t Potencias en conflicto.
|d [Barcelona, Spain] : El Viejo Topo, [2006]
|z 9788496356955
|
| 856 |
4 |
0 |
|3 Digitalia Hispánica
|u https://www.digitaliapublishing.com/a/57842/
|
| 910 |
|
|
|a Premium collection: 2021
|